000 00680nam a2200253Ia 4500
008 170203s9999 xx 000 0 und d
020 _a0-399240373
050 _aFic
050 _bL896y
100 _aCusimano, Maryann K.
245 _aYou are my miracle /
245 _cMaryann K. Cusimano Love ; illustrated by Satomi Ichikawa.
260 _aNew York :
260 _bPhilomel Books,
260 _c©2005.
300 _a1 volume :
300 _bcolor illustrations ;
300 _c26 cm
650 _aChristmas stories.
650 _aParent and child --
650 _aStories in rhyme --
650 _xJuvenile fiction.
650 _xJuvenile fiction.
999 _c306527
_d306527